Guadeloupe : où-suis-je - Statistiques

Statistiques générales
  • Ce quiz a été pris 164 fois
  • Le résultat moyen est 7 sur 10
Statistiques - réponses
Lieux Communes % Correct
Mémorial ACTe Pointe-à-Pitre
93%
l'Aéroport International Les Abymes
91%
Golf International Saint-François
88%
L'Aquarium de la Guadeloupe Le Gosier
85%
Karu Coco Sainte-Anne
83%
Musée Edgar Clerc Le Moule
71%
La Maison du crabe Morne-à-l'Eau
69%
Marches des Esclaves Petit-Canal
63%
Hippodrome Saint-Jacques Anse-Bertrand
53%
Lac de Gaschet Port-Louis
46%
Aucun quiz correspondant
Distribution des résultats
% des personnes avec chaque résultat
Percentile par nombre de réponses
Votre historique - résultats
Vous n’avez pas pris ce quiz